000 01402 a2200193 4500
001 47913
005 20260407155744.0
008 260407a1960 arg spa d
003 AR-UNSa-BCEJYS
040 _aAR-UNSa-BCEJYS
_bspa
_cAR-UNSa-BCEJYS
080 _a101.1
_xNaturaleza de la filosofía. La filosofía como ciencia. La filosofía como arte (pensamiento filosófico)
245 1 0 _aIntroducción a la filosofía
264 1 _aMadrid :
_bGredos
_c1960
300 _a414 p.
_c21 cm.
505 _a1. La voz "filosofía" en griegos y romanos - 2. La voz "filosofía" después del cristianismo - 3. Platón - 4. Aristóteles - 5. Origen del conocimiento - 6. Supuestos y estructura del conocimiento - 7. Ciencia y filosofía - 8. Filosofía y sentido común - 9. Filosofía y teología - 10. Los temas de la filosofía - 11. El tema del conocimiento: Kant - 12. El tema de la cultura - Segunda Parte: 13. Realismo y filosofía: Santo Tomás - 14. Abstracción y filosofía - 15. Clasificación de las ciencias: lógica, cosmología - 16. La psicología - 17. La metafísica - 18. Las ciencias prácticas - 19. El espiritualismo - 20. La fenomenología: Husserl y Descartes - 21. La teoría de los objetos - 22. Max Scheler y los valores - 23. Heidegger y la filosofía existencial - 24. El marxismo -
942 _cBK
590 _aniveau_biblio:m niveau_hierar:0
100 1 _aCasas, Manuel Gonzalo
999 _c4482
_d4482